MARC

LEADER 00000nam0a2200000 4500
001 371833
005 20241106120213.0
035 |a (RuTPU)RU\TPU\retro\29247 
090 |a 371833 
100 |a 20221117d1880 m||y1rusy50 ba 
101 0 |a ger 
102 |a DE 
105 |a a z 001zy 
181 0 |b  e  
182 0 |a n 
183 0 |a nc  |2 RDAcarrier 
200 1 |a Der Schutz des Holzes gegen Fäulniss und sonstiges Verderben  |f E. Buresch 
210 |a Dresden  |c Verlagsbuchhandlung von Rudolf Kuntze  |d 1880 
215 |a 137 S.  |c il. 
283 |a volume 
300 |a В описании используется грамматика 19 века 
316 |5 63413507: 16655  |a На форзаце владельческий печатный экслибрис: «Библиотеки Окр. Инж. Упр. С.В.О.» 
317 |5 63413507: 16655  |a Поступил в НТБ в 1920 г. в дар от Окружного Инженерного управления Сибирского Военного Округа в Омске 
541 1 |a Защита древесины от гниения и других повреждений  |z rus 
606 1 |a Древесина  |x Противогнилостная защита  |2 stltpush  |3 (RuTPU)RU\TPU\subj\10116  |9 37245 
610 1 |a пропитки 
610 1 |a антисептики 
610 1 |a пропиточные материалы 
610 1 |a пропиточные работы 
610 1 |a обработка 
610 1 |a консервация 
610 1 |a креозот 
610 1 |a владельческие знаки 
610 1 |a Коллекция СибВО 
610 1 |a немецкий язык 
675 |a 699.87  |v 3 
700 1 |a Buresch  |b E. 
801 1 |a RU  |b 63413507  |c 20221117 
801 2 |a RU  |b 63413507  |c 20221206  |g RCR 
942 |c BK